000 01017nam0a22002411 4500
001 rc\649621
005 20260407091757.0
035 _a(NLR Aleph) 005889903
090 _a6166455
_c6166455
100 _a20031121d1986 |||y0rusy50 ca
101 0 _arus
102 _aRU
105 _aa |||||||||
200 1 _aСУБПЛЕВРАЛЬНЫЕ блокады в лечении болевых синдромов различной этиологии
_eМетод. рекомендации
_fМ-во здравоохранения РСФСР, Перм. мед. ин-т
_g[Сост. акад. АМН СССР, проф. Е.А. Вагнер и др.]
210 _aПермь
_cБ. и.
_d1986
215 _a[1], 16 с.
_cил.
_d22
702 1 _aВагнер
_bЕ.А.
_gЕвгений Анатольевич
_4220
712 0 2 _aПермский медицинский институт
_3RU\NLR\AUTH\8817267
_9307752
801 0 _aRU
_bNLR
_gpsbo
801 1 _aRU
_bELAR
_2rusmarc
852 _aNLR
_j88-6/1757
942 _cBOOK
980 _aNB